000
00252nam a2200109Ia 4500
008
190914s9999||||xx |||||||||||||| ||und||
100
_a
James E. Post
245
0
_a
Business and Society
260
_a
India
_b
Oxford
_c
2001
300
_a
664
942
_c
BK
999
_c
10022
_d
10022